000 00468nam a2200157Ia 4500
003 IQ-KOUCL
041 _aArabic
082 _a370,15 cut-998 ط
100 _a20260118u\\\\\\\\\\\y0engy0103\\\\ba
100 _aد.عزت عبدالعظيم الطويل
245 0 _aانماط شخصية نظرة نفسية فاحصة
250 _aط1
260 _bدار الكتب والوثائق القومية
_aالاسكندرية
_c2016
300 _a267
942 _cBk
999 _c185977
_d185977